Missing Word: Famous Chefs Quiz Stats

 Plays Quiz Updated Aug 23, 2016

Challenge
Share
Tweet
Embed
Score 0/25 Timer 03:00
0 Plays Today
Hint Answer % Correct
Wolfgang ____Puck
88.3%
Julia ____Child
84.1%
____ FlayBobby
83.5%
____ LagasseEmeril
73.4%
____ BourdainAnthony
72.2%
Gordon ____Ramsay
72%
____ BataliMario
64.8%
Alton ____Brown
55.7%
Jamie ____Oliver
55.6%
Nigella ____Lawson
52%
____ GartenIna
51.5%
____ ColicchioTom
31.7%
____ BerryMary
24.8%
Hint Answer % Correct
Masaharu ____Morimoto
21.6%
____ HollywoodPaul
21.1%
Ming ____ Tsai
20.5%
____ WatersAlice
19.3%
David ____Chang
13.6%
____ AdriàFerran
11.4%
Jiro ____Ono
10.3%
Dominique ____Ansel
9.8%
____ BowienDanny
9.7%
____ MoranMatt
8.7%
Vivek ____Singh
7%
____ LewisEdna
6.5%

Today's Daily Dose

Word Ladder
King of the...

Quick Pick
The Doors Songs

On This Day
August 17th II

You're not logged in!

Compare scores with friends on all Sporcle quizzes.
Join for Free
OR
Log In

You Might Also Like...

Show Comments

Extras

Top Quizzes Today


Score Distribution

Your Account Isn't Verified!

In order to create a playlist on Sporcle, you need to verify the email address you used during registration. Go to your Sporcle Settings to finish the process.

Report this User

Report this user for behavior that violates our Community Guidelines.

Details: